[Event "4NCL/Div1/GUI1-BAR2"]
[Site "Rd07-Birmingham"]
[Date "2001.03.17"]
[Round "7.7"]
[White "Webb, Richard"]
[Black "Palliser, Richard"]
[Result "1/2-1/2"]
[WhiteElo "2353"]
[BlackElo "2277"]
[PlyCount "42"]
[EventDate "2001.03.17"]

1. e4 c5 2. Nf3 d6 3. d4 cxd4 4. Nxd4 Nf6 5. Nc3 a6 6. Bg5 e6 7. f4 Nc6 8. Qd2
h6 9. Bxf6 Qxf6 10. Nf3 Qd8 11. O-O-O Qa5 12. g4 g5 13. h4 gxf4 14. Qxf4 Bd7
15. Be2 Be7 16. g5 O-O-O 17. Qxf7 Rdf8 18. Qg6 Rfg8 19. Qf7 Rf8 20. Qg6 Rfg8
21. Qf7 Rf8 1/2-1/2

[Event "4NCL/Div1/MM-BG1"]
[Site "Rd07-Birmingham"]
[Date "2001.03.17"]
[Round "7.1"]
[White "Ledger, Andrew"]
[Black "Hodgson, Julian"]
[Result "0-1"]
[WhiteElo "2443"]
[BlackElo "2596"]
[PlyCount "88"]
[EventDate "2001.03.17"]

1. e4 g6 2. d4 Bg7 3. Nc3 c6 4. f4 Qb6 5. Nf3 d5 6. e5 Bg4 7. Be2 Nh6 8. Nh4
Be6 9. Na4 Qa5+ 10. c3 Nd7 11. b4 Qc7 12. O-O f6 13. Bd3 O-O 14. exf6 Rxf6 15.
Bd2 Raf8 16. Qe1 b6 17. Qe3 R8f7 18. h3 Nf5 19. Bxf5 Bxf5 20. Nxf5 Rxf5 21. g4
R5f6 22. Nb2 c5 23. Nd3 cxd4 24. cxd4 Rc6 25. Ne5 Nxe5 26. fxe5 e6 27. Rxf7
Qxf7 28. Rf1 Qe7 29. a3 b5 30. Rc1 Rc4 31. Rxc4 bxc4 32. Kf1 Qe8 33. Ke2 Bf8
34. Qc3 Qa4 35. Bc1 Be7 36. Ke1 Kf7 37. Ke2 Ke8 38. Bd2 Kd7 39. Qb2 Kc6 40. Ke1
Qb3 41. Bc3 Kb5 42. Qxb3 cxb3 43. Bb2 Bg5 44. Ke2 Kc4 0-1

[Event "4NCL/Div1/MM-BG1"]
[Site "Rd07-Birmingham"]
[Date "2001.03.17"]
[Round "7.2"]
[White "Rogers, Ian"]
[Black "Pert, Nicholas"]
[Result "1-0"]
[WhiteElo "2529"]
[BlackElo "2465"]
[PlyCount "71"]
[EventDate "2001.03.17"]

1. e4 e6 2. d4 d5 3. Nc3 Bb4 4. Nge2 dxe4 5. a3 Be7 6. Nxe4 Nf6 7. N2g3 Nbd7 8.
Bd3 c5 9. dxc5 Nxc5 10. Nxc5 Bxc5 11. O-O Bd7 12. b4 Bd4 13. Rb1 h6 14. c4 a5
15. Be4 Bc6 16. Bxc6+ bxc6 17. Qf3 Qc8 18. Rd1 Be5 19. Re1 Nd7 20. Nh5 axb4 21.
axb4 Qc7 22. b5 Rb8 23. Ba3 c5 24. Rxe5 Nxe5 25. Nxg7+ Ke7 26. Qf4 Qd6 27. Re1
f6 28. Bb2 Rhf8 29. h3 Rbd8 30. Qh4 Kd7 31. Nh5 Qd2 32. Qe4 Kc7 33. Bxe5+ fxe5
34. Qc6+ Kb8 35. Ra1 Qxf2+ 36. Kh2 1-0

[Event "4NCL/Div1/MM-BG1"]
[Site "Rd07-Birmingham"]
[Date "2001.03.17"]
[Round "7.3"]
[White "Williams, Simon"]
[Black "Gallagher, Joe"]
[Result "0-1"]
[WhiteElo "2350"]
[BlackElo "2519"]
[PlyCount "42"]
[EventDate "2001.03.17"]

1. c4 g6 2. Nc3 Bg7 3. d4 Nf6 4. e4 d6 5. Be2 O-O 6. h4 c5 7. d5 e6 8. h5 exd5
9. hxg6 fxg6 10. cxd5 Qe7 11. Bg5 Nbd7 12. Bg4 Ne5 13. Bxc8 Raxc8 14. Nf3 Nf7
15. Qc2 Nxg5 16. Nxg5 Nxd5 17. Nxh7 Bxc3+ 18. bxc3 Rf7 19. O-O-O Nf4 20. Qd2 c4
21. Qe3 Qe5 0-1

[Event "4NCL/Div1/MM-BG1"]
[Site "Rd07-Birmingham"]
[Date "2001.03.17"]
[Round "7.4"]
[White "Hebden, Mark"]
[Black "Ledger, David"]
[Result "1-0"]
[WhiteElo "2552"]
[BlackElo "2278"]
[PlyCount "87"]
[EventDate "2001.03.17"]

1. d4 Nf6 2. Nf3 g6 3. Nc3 d5 4. Bf4 Bg7 5. e3 O-O 6. Be2 c5 7. Ne5 Nc6 8. O-O
cxd4 9. exd4 Qb6 10. Nxc6 Qxc6 11. Re1 a6 12. a4 Bf5 13. a5 Rad8 14. Qc1 Rfe8
15. Ra3 Ne4 16. Nxe4 dxe4 17. c3 e5 18. dxe5 Bxe5 19. Bxe5 Rxe5 20. Qe3 Qc7 21.
b4 Be6 22. c4 Qd6 23. Rb3 Qd4 24. Qc1 Rf5 25. Re3 Rc8 26. Qc2 Qd6 27. c5 Qc6
28. g3 Re5 29. Qc3 f6 30. f4 exf3 31. Rxe5 f2+ 32. Kxf2 fxe5 33. Qxe5 Rf8+ 34.
Kg1 Bd5 35. Bg4 Rf7 36. Rd1 Bb3 37. Rd3 Qb5 38. Rd8+ Rf8 39. Be6+ Bxe6 40.
Qxe6+ Kg7 41. Rd7+ Kh6 42. Qe3+ g5 43. Qe6+ Kh5 44. Rxh7# 1-0

[Event "4NCL/Div1/MM-BG1"]
[Site "Rd07-Birmingham"]
[Date "2001.03.17"]
[Round "7.5"]
[White "Pert, Richard"]
[Black "McShane, Luke"]
[Result "0-1"]
[WhiteElo "2263"]
[BlackElo "2460"]
[PlyCount "91"]
[EventDate "2001.03.17"]

1. d4 Nf6 2. Nf3 g6 3. Nc3 d5 4. Bf4 Bg7 5. e3 Bg4 6. Be2 c6 7. O-O O-O 8. h3
Bxf3 9. Bxf3 Nbd7 10. a4 a5 11. Ra3 Re8 12. Rb3 Ra7 13. e4 dxe4 14. Nxe4 Nxe4
15. Bxe4 Nb6 16. Be3 Ra8 17. c3 Qc7 18. d5 Nc4 19. Qe2 Nd6 20. Bf3 e5 21. dxe6
Rxe6 22. Qd3 h5 23. Bf4 Be5 24. Bxe5 Rxe5 25. Rd1 Nf5 26. g3 h4 27. g4 Ng7 28.
Qd7 Re7 29. Qxc7 Rxc7 30. c4 Re8 31. Rbd3 Rce7 32. Kh2 Ne6 33. Rb1 Nc5 34. Rd4
Nxa4 35. Ra1 Nc5 36. Bd1 b6 37. Rd6 Re6 38. Rxe6 Rxe6 39. Bf3 Kf8 40. Kg2 Ke7
41. Rd1 Rd6 42. Re1+ Kd7 43. g5 Rd2 44. Bg4+ Kd8 45. Re3 Nd3 46. Rf3 0-1

[Event "4NCL/Div1/MM-BG1"]
[Site "Rd07-Birmingham"]
[Date "2001.03.17"]
[Round "7.6"]
[White "Chandler, Murray"]
[Black "Eames, Robert"]
[Result "1-0"]
[WhiteElo "2529"]
[BlackElo "2307"]
[PlyCount "54"]
[EventDate "2001.03.17"]

1. e4 e5 2. Nf3 Nc6 3. Bb5 f5 4. Nc3 Nf6 5. Qe2 fxe4 6. Nxe4 d5 7. Nxf6+ gxf6
8. d4 Bg7 9. dxe5 O-O 10. Bxc6 bxc6 11. e6 Re8 12. O-O Rxe6 13. Qd3 c5 14. Rd1
d4 15. Qc4 Qd6 16. Re1 Kf8 17. Bf4 Qxf4 18. Rxe6 Bxe6 19. Qxe6 Re8 20. Qc4 Qd6
21. Re1 Rxe1+ 22. Nxe1 Qe7 23. Nd3 Qe2 24. Qxc5+ Kg8 25. Qd5+ Kf8 26. Qd8+ Kf7
27. Qxc7+ Kf8 1-0

[Event "4NCL/Div1/MM-BG1"]
[Site "Rd07-Birmingham"]
[Date "2001.03.17"]
[Round "7.7"]
[White "Ledger, Stephen"]
[Black "Hennigan, Michael"]
[Result "0-1"]
[WhiteElo "2188"]
[BlackElo "2455"]
[PlyCount "134"]
[EventDate "2001.03.17"]

1. d4 Nf6 2. Nf3 g6 3. Bf4 Bg7 4. e3 O-O 5. h3 c5 6. c3 Qb6 7. Qb3 Qxb3 8. axb3
cxd4 9. exd4 Nc6 10. Be2 d5 11. Nbd2 Bf5 12. Ne5 Nxe5 13. Bxe5 Nd7 14. Bxg7
Kxg7 15. g4 Be6 16. O-O Nb6 17. Rfe1 Nc8 18. Bf3 Rd8 19. Ra5 a6 20. b4 Nb6 21.
Bg2 g5 22. Ra2 Kf6 23. Nb3 Bd7 24. Nc5 Bc6 25. Nd3 Bb5 26. Nc5 Rab8 27. b3 e6
28. f4 gxf4 29. Rf2 Nc8 30. Rxf4+ Kg7 31. Bf1 Nd6 32. Re5 Bxf1 33. Kxf1 Rbc8
34. Rf3 Re8 35. Ke1 Rc7 36. Kd2 b6 37. Nxa6 Ra7 38. b5 Nxb5 39. Nb4 Rc8 40.
Rg5+ Kh8 41. Re5 Rcc7 42. Re1 Ra3 43. Rb1 Ra8 44. Rbf1 Kg7 45. h4 h6 46. Rb1
Rac8 47. Na2 Nxd4 48. cxd4 Rc2+ 49. Ke3 Rxa2 50. Kf4 Rd2 51. Ke5 Rc6 52. Re1
Rg2 53. Kf4 Rcc2 54. Ree3 Rcd2 55. Rd3 f6 56. Rxd2 Rxd2 57. Ke3 Rb2 58. Kf4 Re2
59. Rc3 Re4+ 60. Kf3 h5 61. gxh5 Kh6 62. Rc6 b5 63. Rb6 Kxh5 64. Rxb5 Rxd4 65.
Rb6 Re4 66. b4 Kxh4 67. b5 Kg5 0-1

[Event "4NCL/Div1/MM-BG1"]
[Site "Rd07-Birmingham"]
[Date "2001.03.17"]
[Round "7.8"]
[White "Sheldon, Ruth"]
[Black "Tidman, Sophie"]
[Result "1-0"]
[WhiteElo "2301"]
[BlackElo "2003"]
[PlyCount "75"]
[EventDate "2001.03.17"]

1. d4 Nf6 2. c4 c5 3. d5 e6 4. Nc3 exd5 5. cxd5 d6 6. e4 g6 7. Bd3 Bg7 8. h3
O-O 9. Nge2 Qe7 10. Ng3 a6 11. a4 b6 12. O-O Bb7 13. Kh1 Qc7 14. Qe2 Nbd7 15.
f4 Rae8 16. Qf2 c4 17. Bc2 Nc5 18. Be3 h5 19. a5 Qe7 20. e5 dxe5 21. f5 Nd3 22.
Bxd3 cxd3 23. axb6 Rc8 24. Nge4 Nxe4 25. Nxe4 Qb4 26. Nc3 e4 27. Ra4 Qd6 28.
Rxe4 Bxd5 29. Nxd5 Qxd5 30. Re7 Rc2 31. Qg3 d2 32. Rd1 Qd8 33. Rc7 Rxb2 34.
fxg6 fxg6 35. Qxg6 Qf6 36. Qxf6 Bxf6 37. Rxd2 Rxb6 38. Bxb6 1-0

[Event "4NCL/Div1/PP1-SLO1"]
[Site "Rd07-Birmingham"]
[Date "2001.03.17"]
[Round "7.1"]
[White "Shaw, John"]
[Black "Miles, Anthony"]
[Result "1/2-1/2"]
[WhiteElo "2454"]
[BlackElo "2564"]
[PlyCount "52"]
[EventDate "2001.03.17"]

1. e4 Nf6 2. e5 Nd5 3. d4 d6 4. c4 Nb6 5. exd6 exd6 6. Nc3 Nc6 7. d5 Ne5 8. Be2
Be7 9. f4 Ng6 10. Nf3 Nh4 11. O-O Nxf3+ 12. Bxf3 O-O 13. b3 Bf6 14. Bb2 a5 15.
Qc2 Nd7 16. a3 Re8 17. Rae1 Rxe1 18. Rxe1 Nf8 19. Ne4 Bxb2 20. Qxb2 Bd7 21. Qd4
b6 22. Ng3 Ng6 23. Nh5 Qf8 24. Kf2 Nh4 25. g4 f6 26. f5 Nxf3 1/2-1/2

[Event "4NCL/Div1/PP1-SLO1"]
[Site "Rd07-Birmingham"]
[Date "2001.03.17"]
[Round "7.2"]
[White "Summerscale, Aaron"]
[Black "Mannion, Stephen"]
[Result "1-0"]
[WhiteElo "2531"]
[BlackElo "2369"]
[PlyCount "49"]
[EventDate "2001.03.17"]

1. d4 Nf6 2. Nf3 c5 3. d5 b5 4. Bg5 Ne4 5. Bh4 Bb7 6. a4 b4 7. Qd3 f5 8. Nbd2
Ba6 9. Qb3 Nxd2 10. Nxd2 Qc7 11. e4 Bxf1 12. Kxf1 f4 13. Nc4 e5 14. Qh3 Bd6 15.
Qf5 a5 16. g3 fxg3 17. hxg3 Ra6 18. Bg5 h6 19. Qg6+ Kf8 20. Rh5 Kg8 21. Qe8+
Bf8 22. Nxe5 Kh7 23. Bf4 Qb6 24. Qf7 Qb7 25. Bxh6 1-0

[Event "4NCL/Div1/PP1-SLO1"]
[Site "Rd07-Birmingham"]
[Date "2001.03.17"]
[Round "7.3"]
[White "Muir, Andrew"]
[Black "McNab, Colin"]
[Result "0-1"]
[WhiteElo "2317"]
[BlackElo "2403"]
[PlyCount "80"]
[EventDate "2001.03.17"]

1. d4 d6 2. c4 e5 3. Nf3 e4 4. Ng5 f5 5. e3 Qxg5 6. Nc3 c6 7. Qc2 Na6 8. a3 Nf6
9. Bd2 Nc7 10. d5 Be7 11. O-O-O cxd5 12. cxd5 Bd7 13. Qb3 b6 14. Kb1 O-O 15. f4
Qg6 16. Be2 b5 17. h3 a5 18. Bxb5 Nxb5 19. Nxb5 Rfb8 20. a4 Qe8 21. Bc3 Bxb5
22. axb5 Rxb5 23. Qa2 Qf7 24. g4 Nxd5 25. Bd4 Bf6 26. Bxf6 gxf6 27. Qa3 Rab8
28. Rd2 Nb6 29. Rc2 Nc4 30. Qc3 Nxb2 31. Ka1 Rb4 32. Qc7 Qxc7 33. Rxc7 Ra4+ 34.
Kb1 Nc4+ 35. Kc2 Nxe3+ 36. Kd2 Ra2+ 37. Kxe3 Rb3+ 38. Kd4 Rd3+ 39. Kc4 Rc2+ 40.
Kb5 Rxc7 0-1

[Event "4NCL/Div1/PP1-SLO1"]
[Site "Rd07-Birmingham"]
[Date "2001.03.17"]
[Round "7.4"]
[White "Houska, Jovanka"]
[Black "Harley, Andrew"]
[Result "1-0"]
[WhiteElo "2368"]
[BlackElo "2296"]
[PlyCount "113"]
[EventDate "2001.03.17"]

1. e4 c5 2. Nc3 Nc6 3. g3 g6 4. Bg2 Bg7 5. d3 e6 6. Be3 Qa5 7. Nge2 Nd4 8. O-O
Ne7 9. Nc1 b5 10. Nb3 Qb6 11. e5 Rb8 12. f4 d5 13. exd6 Nef5 14. Bf2 Nxd6 15.
Re1 O-O 16. Re5 Bxe5 17. fxe5 N6f5 18. Ne4 Qc7 19. g4 Nxb3 20. axb3 Nd4 21. c3
Nc6 22. Bxc5 Qxe5 23. Bd6 Qg7 24. g5 Rb6 25. Nf6+ Kh8 26. Bc5 Bb7 27. Nd7 Rd8
28. Nxb6 Qe5 29. Bf2 Qxg5 30. h4 Qf4 31. Rxa7 Nxa7 32. Bxb7 Qd6 33. Qf3 f5 34.
c4 Qxd3 35. Qxd3 Rxd3 36. c5 Rxb3 37. Nc8 Nxc8 38. Bxc8 e5 39. c6 Rxb2 40. c7
Rc2 41. Bb6 Kg7 42. Be6 Kh6 43. c8=Q Rxc8 44. Bxc8 Kh5 45. Bd8 Kg4 46. Kf2 h6
47. Ba6 b4 48. Bc4 g5 49. hxg5 hxg5 50. Be7 e4 51. Bxb4 f4 52. Be6+ Kh4 53. Bf5
e3+ 54. Kf3 Kh5 55. Bc3 Kh4 56. Bg4 e2 57. Be1# 1-0

[Event "4NCL/Div1/PP1-SLO1"]
[Site "Rd07-Birmingham"]
[Date "2001.03.17"]
[Round "7.5"]
[White "Swanson, Stephen"]
[Black "Wohl, Aleksandar"]
[Result "0-1"]
[WhiteElo "2273"]
[BlackElo "2441"]
[PlyCount "80"]
[EventDate "2001.03.17"]

1. e4 Nf6 2. Nc3 d5 3. e5 Nfd7 4. f4 c5 5. Nf3 Nc6 6. Bb5 e6 7. Bxc6 bxc6 8.
O-O Ba6 9. d3 Be7 10. Kh1 O-O 11. b3 c4 12. bxc4 dxc4 13. d4 Nb6 14. Qe2 c5 15.
dxc5 Bxc5 16. Be3 Bb4 17. Ne4 Nd5 18. Qf2 c3 19. Rfd1 Qc7 20. Rxd5 exd5 21. Ng3
Bc8 22. f5 Re8 23. Bd4 Bf8 24. Re1 a5 25. Ng5 h6 26. Nh3 Rb8 27. Nf4 Qc4 28. e6
Rb4 29. Rd1 fxe6 30. f6 Rb7 31. Ng6 gxf6 32. Nh5 Bg7 33. Bxf6 Qg4 34. Qf3 Qxg6
35. Bxg7 Rxg7 36. Nf6+ Kh8 37. Nxe8 Qxe8 38. Qxc3 Bb7 39. Qxa5 Qg6 40. Rd2 d4
0-1

[Event "4NCL/Div1/PP1-SLO1"]
[Site "Rd07-Birmingham"]
[Date "2001.03.17"]
[Round "7.6"]
[White "Buckley, Graeme"]
[Black "Devereaux, Maxim"]
[Result "1/2-1/2"]
[WhiteElo "2369"]
[BlackElo "2274"]
[PlyCount "74"]
[EventDate "2001.03.17"]

1. d4 d5 2. c4 c6 3. Nf3 Nf6 4. Nc3 dxc4 5. a4 Bf5 6. Ne5 Na6 7. f3 Nd7 8. Nxd7
Bxd7 9. e4 e5 10. Bxc4 exd4 11. Ne2 Bc5 12. Ng3 Nb4 13. O-O O-O 14. f4 d3+ 15.
Kh1 Be6 16. Bxe6 fxe6 17. f5 Nc2 18. Rb1 exf5 19. Nxf5 Nd4 20. b4 Be7 21. Qxd3
Nxf5 22. Qc4+ Kh8 23. exf5 Qd7 24. Bb2 Rad8 25. Qg4 Bf6 26. Rbd1 Qe7 27. Bxf6
Qxf6 28. Rxd8 Rxd8 29. Re1 h6 30. h3 Kh7 31. Re6 Qf7 32. f6 Rd1+ 33. Kh2 Qc7+
34. g3 Rd2+ 35. Kg1 Qb6+ 36. Kh1 Rh2+ 37. Kxh2 Qf2+ 1/2-1/2

[Event "4NCL/Div1/PP1-SLO1"]
[Site "Rd07-Birmingham"]
[Date "2001.03.17"]
[Round "7.7"]
[White "Smith, Andrew P"]
[Black "Lalic, Susan"]
[Result "0-1"]
[WhiteElo "2252"]
[BlackElo "2318"]
[PlyCount "68"]
[EventDate "2001.03.17"]

1. e4 e6 2. d4 d5 3. Nc3 Bb4 4. e5 c5 5. a3 Bxc3+ 6. bxc3 Qa5 7. Bd2 Qa4 8. Nf3
b6 9. dxc5 bxc5 10. c4 Ne7 11. cxd5 exd5 12. c4 Qxd1+ 13. Rxd1 d4 14. Bd3 Nbc6
15. Rb1 Bg4 16. Be4 Rc8 17. Bf4 O-O 18. O-O Ng6 19. Bg3 Bxf3 20. Bxf3 Ncxe5 21.
Bd5 Rb8 22. Rxb8 Rxb8 23. f4 Nd3 24. f5 Nge5 25. Rd1 Rb3 26. Kf1 Kf8 27. Ke2
Ke7 28. Be4 Nb2 29. Re1 Re3+ 30. Kf1 Rxe1+ 31. Kxe1 Nbxc4 32. Bd5 f6 33. Ke2
d3+ 34. Ke1 d2+ 0-1

[Event "4NCL/Div1/PP1-SLO1"]
[Site "Rd07-Birmingham"]
[Date "2001.03.17"]
[Round "7.8"]
[White "Houska, Miroslav"]
[Black "Connolly, Suzanne"]
[Result "1-0"]
[WhiteElo "2279"]
[BlackElo "2083"]
[PlyCount "63"]
[EventDate "2001.03.17"]

1. d4 d5 2. e4 dxe4 3. Nc3 Nf6 4. f3 exf3 5. Nxf3 Bg4 6. h3 Bh5 7. g4 Bg6 8.
Ne5 Nbd7 9. Qf3 c6 10. Bc4 e6 11. Nxg6 hxg6 12. O-O Nb6 13. Bb3 Qd7 14. Be3 Bd6
15. Ne2 O-O 16. c4 Bc7 17. Rad1 Rad8 18. Bg5 Qd6 19. Rf2 c5 20. Qxb7 cxd4 21.
Rxd4 Qc5 22. Be3 Qe7 23. Kg2 Rxd4 24. Bxd4 e5 25. Be3 Qd7 26. Nc3 Rb8 27. Qf3
Rf8 28. c5 Nc8 29. Ne4 Nxe4 30. Qxe4 Qe7 31. Qxg6 e4 32. Bd4 1-0

[Event "4NCL/Div1/SWD-BAR1"]
[Site "Rd07-Birmingham"]
[Date "2001.03.17"]
[Round "7.1"]
[White "Cooper, John"]
[Black "Parker, Jonathan"]
[Result "1/2-1/2"]
[WhiteElo "2341"]
[BlackElo "2545"]
[PlyCount "45"]
[EventDate "2001.03.17"]

1. d4 Nf6 2. c4 e6 3. Nc3 Bb4 4. Bg5 c5 5. d5 d6 6. e3 exd5 7. cxd5 Nbd7 8. Bb5
O-O 9. Bxd7 Bxd7 10. Nge2 h6 11. Bh4 Qe7 12. a3 Ba5 13. O-O Rfe8 14. Qd3 a6 15.
a4 Bc7 16. Rfe1 Ba5 17. Red1 Rad8 18. h3 Bc8 19. Rac1 Bb4 20. Na2 Ba5 21. Nac3
Bb4 22. Na2 Ba5 23. Nac3 1/2-1/2

[Event "4NCL/Div1/SWD-BAR1"]
[Site "Rd07-Birmingham"]
[Date "2001.03.17"]
[Round "7.2"]
[White "Kelly, Brian"]
[Black "Zeidler, Sven"]
[Result "1-0"]
[WhiteElo "2464"]
[BlackElo "2284"]
[PlyCount "73"]
[EventDate "2001.03.17"]

1. d4 f5 2. g3 Nf6 3. Bg2 g6 4. Nf3 Bg7 5. O-O O-O 6. c4 d6 7. Nc3 c6 8. d5 e5
9. dxe6 Bxe6 10. b3 Na6 11. Ng5 Qe7 12. Nxe6 Qxe6 13. Bb2 Nc5 14. Qc2 a5 15.
Rad1 a4 16. e3 axb3 17. axb3 g5 18. b4 Ncd7 19. Ne2 Ne5 20. Nd4 Qxc4 21. Qxf5
Qxb4 22. Rb1 Qc4 23. Ne6 Rf7 24. Nxg7 Kxg7 25. Qxg5+ Kh8 26. f4 Rg8 27. Qh4
Neg4 28. h3 Qe6 29. hxg4 Rxg4 30. Qh3 Qxe3+ 31. Kh2 Rg6 32. Rfe1 Qd2 33. Re6
Kg8 34. Rxf6 Rfxf6 35. Bxf6 Rxf6 36. Rxb7 Qe2 37. Qxh7+ 1-0

[Event "4NCL/Div1/SWD-BAR1"]
[Site "Rd07-Birmingham"]
[Date "2001.03.17"]
[Round "7.3"]
[White "Dineley, Richard"]
[Black "Webster, Andrew"]
[Result "1/2-1/2"]
[WhiteElo "2276"]
[BlackElo "2435"]
[PlyCount "63"]
[EventDate "2001.03.17"]

1. e4 c5 2. Nf3 Nc6 3. d4 cxd4 4. Nxd4 Qb6 5. Nb3 Nf6 6. Nc3 e6 7. Be3 Qc7 8.
Bd3 a6 9. Na4 b5 10. Nb6 Rb8 11. Nxc8 Qxc8 12. O-O Be7 13. Nd4 O-O 14. Kh1 d5
15. Nxc6 Qxc6 16. e5 Ne4 17. f3 Nc5 18. Bxc5 Bxc5 19. a3 g6 20. f4 a5 21. Qg4
Rfe8 22. Rad1 Bf8 23. h4 b4 24. axb4 Rxb4 25. b3 Bg7 26. Rde1 a4 27. bxa4 Ra8
28. h5 Raxa4 29. hxg6 hxg6 30. Qg5 Qc7 31. Re3 Rb8 32. Rh3 1/2-1/2

[Event "4NCL/Div1/SWD-BAR1"]
[Site "Rd07-Birmingham"]
[Date "2001.03.17"]
[Round "7.4"]
[White "Ferguson, Mark"]
[Black "Morris, Charles"]
[Result "0-1"]
[WhiteElo "2374"]
[BlackElo "2238"]
[PlyCount "66"]
[EventDate "2001.03.17"]

1. e4 e6 2. d4 d5 3. Nd2 Nf6 4. e5 Nfd7 5. Bd3 c5 6. c3 Nc6 7. Ne2 cxd4 8. cxd4
f6 9. Nf4 Nxd4 10. Qh5+ Ke7 11. exf6+ Nxf6 12. Ng6+ hxg6 13. Qxh8 Kf7 14. Qh4
e5 15. Nf3 e4 16. Nxd4 Bb4+ 17. Bd2 Bxd2+ 18. Kxd2 Qa5+ 19. Kd1 exd3 20. Nb3
Qc7 21. Rc1 Qe5 22. Re1 Bg4+ 23. f3 Ne4 24. fxg4 Qxb2 25. Rxe4 dxe4 26. Qe1
Qxg2 27. Rc7+ Kg8 28. Nd2 Re8 29. Qe3 Qh1+ 30. Qe1 Qxh2 31. Rc3 Qe5 32. Nc4 Qd4
33. Kd2 Rc8 0-1

[Event "4NCL/Div1/SWD-BAR1"]
[Site "Rd07-Birmingham"]
[Date "2001.03.17"]
[Round "7.5"]
[White "James, David J"]
[Black "Crouch, Colin"]
[Result "0-1"]
[WhiteElo "2238"]
[BlackElo "2434"]
[PlyCount "66"]
[EventDate "2001.03.17"]

1. d4 Nf6 2. c4 e6 3. Nf3 c5 4. d5 exd5 5. cxd5 d6 6. Nc3 g6 7. e4 a6 8. a4 Bg4
9. Be2 Bxf3 10. Bxf3 Nbd7 11. Bf4 Qe7 12. O-O Bg7 13. Qc2 O-O 14. Rae1 Rab8 15.
Be2 Rfe8 16. h3 Rec8 17. b3 Ne8 18. Bd2 Nc7 19. a5 Re8 20. f4 b5 21. axb6 Rxb6
22. Bc4 Nb5 23. e5 dxe5 24. fxe5 Nxe5 25. d6 Qd8 26. Bg5 Nf3+ 27. gxf3 Qxg5+
28. Kh1 Rxe1 29. Rxe1 Bxc3 30. Re8+ Kg7 31. Bxb5 Bd4 32. Qd1 axb5 33. d7 Rd6
0-1

[Event "4NCL/Div1/SWD-BAR1"]
[Site "Rd07-Birmingham"]
[Date "2001.03.17"]
[Round "7.6"]
[White "Knott, Simon"]
[Black "Roberts, David L"]
[Result "1-0"]
[WhiteElo "2390"]
[BlackElo "2150"]
[PlyCount "103"]
[EventDate "2001.03.17"]

1. c4 e5 2. Nc3 Nc6 3. e3 g6 4. d4 exd4 5. exd4 Bg7 6. d5 Qe7+ 7. Be3 Nd4 8.
Be2 Nxe2 9. Ngxe2 d6 10. O-O Nh6 11. Bd4 O-O 12. Bxg7 Kxg7 13. Qd4+ Qe5 14.
Rfe1 a6 15. Qd2 Bf5 16. Ng3 Qf6 17. Nce4 Qh4 18. Qc3+ f6 19. Nxf5+ Nxf5 20. g3
Qh6 21. f4 Rae8 22. Nxf6 Rxe1+ 23. Rxe1 Rxf6 24. Re6 g5 25. g4 Nh4 26. f5 Kf7
27. c5 Rxe6 28. dxe6+ Ke7 29. cxd6+ Kxd6 30. Qd4+ Kc6 31. Qe4+ Kd6 32. e7 Nf3+
33. Qxf3 Kxe7 34. Qxb7 Qd6 35. Qe4+ Kf8 36. Qe2 Qd4+ 37. Kg2 a5 38. b3 a4 39.
bxa4 Qxa4 40. Kh3 Qf4 41. Kg2 c5 42. f6 Qxf6 43. Qf2 Kf7 44. a4 c4 45. Qxf6+
Kxf6 46. Kf3 Ke5 47. Ke3 Kd5 48. a5 Kc5 49. a6 Kb6 50. Kd4 c3 51. Kxc3 Kxa6 52.
Kd4 1-0

[Event "4NCL/Div1/SWD-BAR1"]
[Site "Rd07-Birmingham"]
[Date "2001.03.17"]
[Round "7.7"]
[White "Binks, Michael"]
[Black "Rogers, Jonathan"]
[Result "0-1"]
[WhiteElo "2154"]
[BlackElo "2329"]
[PlyCount "70"]
[EventDate "2001.03.17"]

1. d4 f5 2. Nf3 Nf6 3. g3 e6 4. Bg2 Be7 5. O-O O-O 6. b3 Ne4 7. Bb2 d5 8. e3 a5
9. Nbd2 a4 10. a3 axb3 11. cxb3 Nd7 12. Nxe4 fxe4 13. Nd2 Bd6 14. f3 exf3 15.
Bxf3 c5 16. a4 Qb6 17. e4 cxd4 18. exd5 Ne5 19. Kg2 Nxf3 20. Rxf3 exd5 21.
Rxf8+ Bxf8 22. Nf3 Bf5 23. Bxd4 Qb4 24. Rc1 Be4 25. Rc7 Rd8 26. Kf2 h6 27. Ne5
Be7 28. Rc3 Rf8+ 29. Kg1 Bf6 30. Qd2 Re8 31. Kf2 Kh7 32. Nf3 Bxf3 33. Bxf6 Re2+
34. Qxe2 Bxe2 35. Rc7 Qb6+ 0-1

[Event "4NCL/Div1/SWD-BAR1"]
[Site "Rd07-Birmingham"]
[Date "2001.03.17"]
[Round "7.8"]
[White "Rutherford, Elaine"]
[Black "Cast, Abigail"]
[Result "1-0"]
[WhiteElo "2117"]
[BlackElo "2121"]
[PlyCount "141"]
[EventDate "2001.03.17"]

1. e4 e6 2. d4 d5 3. Nd2 Nf6 4. e5 Nfd7 5. c3 c5 6. Bd3 Nc6 7. Ne2 Qb6 8. Nf3
cxd4 9. cxd4 f6 10. exf6 Nxf6 11. O-O Bd6 12. Re1 O-O 13. Nf4 Ne4 14. Bxe4 Bxf4
15. Bc2 Qc7 16. g3 Bxc1 17. Rxc1 g6 18. Ne5 Qb6 19. Nxc6 bxc6 20. Bb3 a5 21.
Re2 Ra7 22. Ba4 Bd7 23. Rc5 e5 24. Rxe5 Qxb2 25. Re2 Qa3 26. Bxc6 Bg4 27. f3
Bxf3 28. Bxd5+ Kh8 29. Qf1 Rf5 30. Re8+ Kg7 31. Rg8+ Kh6 32. Bxf3 Qxf3 33. Qh3+
Rh5 34. Rxh5+ Qxh5 35. Qf1 Qd5 36. Qf8+ Kh5 37. Qf4 Qg5 38. Qxg5+ Kxg5 39. Rf8
Rd7 40. Rf4 Rc7 41. Kg2 Rc2+ 42. Rf2 Rc7 43. Kf3 Kf5 44. Ke3+ Ke6 45. Ke4 Re7
46. d5+ Kd6+ 47. Kd4 Re1 48. Rf6+ Ke7 49. Re6+ Rxe6 50. dxe6 Kxe6 51. Kc5 Kf5
52. Kb5 Kg4 53. Kxa5 Kh3 54. Kb4 Kxh2 55. a4 Kxg3 56. a5 g5 57. a6 g4 58. a7
Kf2 59. a8=Q g3 60. Qa7+ Kf1 61. Qxh7 g2 62. Qf5+ Ke2 63. Qe4+ Kf2 64. Qf4+ Ke2
65. Qg3 Kf1 66. Qf3+ Kg1 67. Kc3 Kh2 68. Qf2 Kh1 69. Qh4+ Kg1 70. Kd2 Kf1 71.
Qe1# 1-0

[Event "4NCL/Div1/WR1-BG2"]
[Site "Rd07-Birmingham"]
[Date "2001.03.17"]
[Round "7.2"]
[White "Mestel, Jonathan"]
[Black "Hunt, Harriet"]
[Result "1-0"]
[WhiteElo "2488"]
[BlackElo "2426"]
[PlyCount "61"]
[EventDate "2001.03.17"]

1. c4 e5 2. Nc3 Nc6 3. g3 d6 4. Bg2 Be6 5. d3 Qd7 6. Rb1 g6 7. b4 Bg7 8. b5 Nd8
9. a4 Ne7 10. Nd5 O-O 11. a5 a6 12. b6 c6 13. Nc7 Rc8 14. Ba3 f5 15. Nf3 e4 16.
Nd2 exd3 17. O-O Bf7 18. exd3 Ne6 19. Nxe6 Bxe6 20. Re1 Rce8 21. f4 h6 22. Bb2
Bf7 23. Nf3 c5 24. Bxg7 Kxg7 25. d4 Qc8 26. dxc5 dxc5 27. Qd6 Ng8 28. Ne5 Re7
29. Nxf7 Rexf7 30. Bd5 Rf6 31. Qc7+ 1-0

[Event "4NCL/Div1/WR1-BG2"]
[Site "Rd07-Birmingham"]
[Date "2001.03.17"]
[Round "7.3"]
[White "Mah, Karl"]
[Black "McDonald, Neil"]
[Result "1-0"]
[WhiteElo "2404"]
[BlackElo "2439"]
[PlyCount "93"]
[EventDate "2001.03.17"]

1. d4 f5 2. g3 Nf6 3. Bg2 g6 4. Nf3 Bg7 5. O-O O-O 6. b4 d6 7. Bb2 Qe8 8. c4 h6
9. Qb3 Qf7 10. Nbd2 c6 11. a4 Be6 12. b5 Nbd7 13. Ne1 Nb6 14. Rc1 Ne4 15. Nxe4
fxe4 16. Bxe4 Nxc4 17. Qc2 Ne3 18. Bxg6 Qf6 19. d5 Qxb2 20. fxe3 Rxf1+ 21. Kxf1
Rf8+ 22. Kg1 Bxd5 23. bxc6 bxc6 24. Qxb2 Bxb2 25. Rb1 Bc3 26. Ng2 e5 27. Nh4
Kg7 28. Rb7+ Kf6 29. Bf5 Rf7 30. Rb8 e4 31. g4 c5 32. Ng6 Be5 33. Nf4 Bxf4 34.
exf4 Rb7 35. Rh8 Kg7 36. Rh7+ Kg8 37. Rxh6 Rb6 38. Be6+ Bxe6 39. Rxe6 d5 40.
Rxb6 axb6 41. e3 Kg7 42. Kf2 Kf6 43. h4 Kg6 44. h5+ Kh6 45. Ke2 d4 46. exd4
cxd4 47. Kd2 1-0

[Event "4NCL/Div1/WR1-BG2"]
[Site "Rd07-Birmingham"]
[Date "2001.03.17"]
[Round "7.4"]
[White "Bellin, Robert"]
[Black "Dunnington, Angus"]
[Result "1/2-1/2"]
[WhiteElo "2356"]
[BlackElo "2388"]
[PlyCount "39"]
[EventDate "2001.03.17"]

1. e4 c6 2. Nc3 d5 3. d4 dxe4 4. Nxe4 Bf5 5. Ng3 Bg6 6. Nf3 Nf6 7. h4 h6 8. h5
Bh7 9. Bd3 Bxd3 10. Qxd3 e6 11. Bd2 Be7 12. O-O-O c5 13. Ne4 cxd4 14. Nxd4 Nc6
15. Bc3 Nxd4 16. Bxd4 Qd5 17. Bxf6 Qxd3 18. Rxd3 gxf6 19. g4 Rg8 20. Rg3
1/2-1/2